000 01393nam0a2200337 i 4500
001 RU\NLR\bibl\2062538
005 20260503053609.0
010 _a9785961444414
_93000
021 _aRU
_b2013-54000
_93739
035 _a(nilc)RuMoRGB-006606347
035 _a(NLR Aleph) 002049211
090 _a4633306
_c4633306
100 _a20130715d2013 u y0rusy50 ca
101 1 _arus
_ceng
102 _aRU
105 _aa |||||||||
200 1 _aСознание дзен, сознание начинающего
_fСюнрю Судзуки
_gпер. с англ. [Г. Богданов, Е. Кирко]
210 _aМосква
_cАльпина Паблишер
_d2013
215 _a160, [1] с.
_d22
300 _aПер. изд.: Zen mind, beginner`s mind / Shunryu Suzuki. Boston, London: 2000
464 0 _12001#$aZen mind, beginner`s mind$fShunryu Suzuki
_1700#1$aShunryu Suzuki$f1904-1971$3RU\NLR\AUTH\770128024
_1210##$aBoston$aLondon$d2000
_tZen mind, beginner`s mind
_aShunryu Suzuki (1904-1971)
606 _aДзен
_9996179
_3RU\NLR\AUTH\66377057
686 1 _aЮ3(5Я)410-325
700 0 _4070
_aСюнрю Судзуки
_f1904-1971
_3RU\NLR\AUTH\770128020
_9127994
801 0 _aRU
_bRuMoRKP
_c20130715
_gRCR
801 2 _aRU
_bРГБ
_c20130731
_grcr
801 1 _aRU
_bRuMoRKP
_c20130715
_2rusmarc
801 2 _aRU
_bNLR
_c20130813
_grcr
942 _cBOOK
980 _aNBR